000 01887cam a22005057a 4500
001 000092563
003 CHAP
005 20240506085242.0
008 041116d2004 mx b r 00110 spa d
010 _a89029
011 _a90001
035 _a100557
040 _cCHAP
090 _aTesis
100 0 0 _aLinares Alonso, Adriana
_966896
245 1 3 _aLa especialización industrial en México con énfasis en Nuevo León, Coahuila, Aguascalientes y Querétaro (1993-2001) /
_c/por Adriana Linares Alonso y Claudia Téllez Delgado.
260 _aChapingo, Méx. :
_bEl autor,
_c2004.
300 _a96 h.
502 _aTesis (Lic. en Economía Agrícola) -- UACH. División de Ciencias Económico Administrativas
590 _aALEPH
_b10
_c20130110
590 _aBATCH-UPD
_b10
_c20130110
590 _aBATCH-UPD
_b10
_c20130410
590 _aBATCH-UPD
_b10
_c20130914
590 _aBATCH-UPD
_b10
_c20140324
590 _aBATCH-UPD
_b10
_c20141002
590 _aCONVERSION
_b10
_c20130109
590 _aE12093SGE
_b10
_c20130621
650 1 4 _aDesarrollo económico.
650 1 4 _aPolítica económica
_zAguascalientes.
_990531
650 1 4 _aPolítica económica
_zCoahuila.
_990534
650 1 4 _aPolítica económica
_zNuevo León.
_990537
650 1 4 _aPolítica económica
_zQuerétaro.
_990538
650 1 4 _aPolítica industrial
_zAguascalientes.
_990673
650 1 4 _aPolítica industrial
_zCoahuila.
_990674
650 1 4 _aPolítica industrial
_zNuevo León.
_990679
650 1 4 _aPolítica industrial
_zQuerétaro.
_990680
700 0 0 _aTéllez Delgado, Claudia.
_9113544
856 _uhttp://10.13.5.2/tesis/100557.pdf
_zDESCARGAR PDF
901 _aBK
905 _aAlejandra Carrasco M.
942 _cCD
_2ddc
942 _n0
_2ddc
949 _aTesis
_bBC
_cTES
_d1005571
_eTS1
_h42641
_i100557
_sb
949 _aTesis
_bBC
_cTES
_d33724000796488
_eTS2
_fc.2
_h42642
_i100557
_sb
999 _c89029
_d89029